Most Popular Girls Names in California - Statistics

General Stats
  • This quiz has been taken 276 times
  • The average score is 9 of 18
Answer Stats
Hint Answer % Correct
2012-2010 Emma
77%
2012-1996 Emily
68%
2002, 2000-1980 Jennifer
68%
2002-1980 Jessica
67%
1986, 1982-1980 Sarah
62%
1993-1992 Elizabeth
57%
2012-2007 Sophia
57%
2012-2003 Isabella
53%
2008-1984 Ashley
48%
2012-2009, 2006-2005 Mia
42%
1991-1985 Amanda
40%
1982-1980 Michelle
39%
1985-1983 Nicole
36%
2009-1997, 1995-1994 Samantha
36%
1984-1980 Melissa
35%
1996-1987 Stephanie
30%
2004 Natalie
24%
2003, 2001 Alyssa
18%
No matching quizzes found
Score Distribution
Percent of People with Each Score
Percentile by Number Answered
Your Score History
You have not taken this quiz